[Event "Festival Mulhouse MI"]
[Site "Mulhouse"]
[Date "2012.07.02"]
[Round "1.1"]
[White "Wyss, Jonas"]
[Black "Botta, Gabriele"]
[Result "1/2-1/2"]
[WhiteElo "2249"]
[BlackElo "2365"]
[PlyCount "93"]
[EventDate "2012.07.02"]

1. e4 c6 2. d4 d5 3. Nc3 dxe4 4. Nxe4 Bf5 5. Ng3 Bg6 6. h4 h6 7. Nf3 Nd7 8. h5
Bh7 9. Bd3 Bxd3 10. Qxd3 e6 11. Bd2 Ngf6 12. O-O-O Be7 13. Ne4 O-O 14. g4 Nxg4
15. Rhg1 f5 16. Qc4 Rf7 17. Nc3 Nf8 18. Ne5 Nxe5 19. dxe5 Qa5 20. Bxh6 Qxe5 21.
Bf4 b5 22. Bxe5 bxc4 23. Ne2 Rd8 24. Nf4 Rxd1+ 25. Rxd1 Bg5 26. Kb1 Bxf4 27.
Bxf4 Rd7 28. Kc1 Kf7 29. h6 gxh6 30. Bxh6 Rd5 31. Rg1 Ng6 32. Be3 a6 33. Rh1 f4
34. Bd2 Kg7 35. Rh3 Rg5 36. Kd1 Rg1+ 37. Ke2 Rb1 38. Ra3 e5 39. Bc3 Kf6 40.
Rxa6 Ne7 41. Ra4 Nd5 42. Rxc4 Nxc3+ 43. Rxc3 Rxb2 44. Rxc6+ Kf5 45. a4 Ra2 46.
Rc4 Ke6 47. f3 1/2-1/2

[Event "Festival Mulhouse MI"]
[Site "Mulhouse"]
[Date "2012.07.02"]
[Round "1.1"]
[White "Lerch, Patrice"]
[Black "Bellahcene, Bilel"]
[Result "1/2-1/2"]
[WhiteElo "2385"]
[BlackElo "2347"]
[PlyCount "105"]
[EventDate "2012.07.02"]

1. g3 Nf6 2. c4 g6 3. b3 Bg7 4. Bb2 O-O 5. Bg2 c6 6. Nf3 d5 7. O-O Nbd7 8. Qc2
Re8 9. Nc3 dxc4 10. bxc4 e5 11. d3 Qc7 12. Rab1 Nc5 13. Na4 Nfd7 14. Ng5 Nxa4
15. Qxa4 Nc5 16. Qb4 Bf8 17. Qd2 f6 18. Ne4 Nxe4 19. Bxe4 Bg7 20. Bg2 Bg4 21.
Bc3 Rad8 22. Qe3 b6 23. a4 Bf8 24. h3 Bc5 25. Qd2 Bf5 26. a5 e4 27. Kh2 exd3
28. axb6 axb6 29. e3 Qd6 30. Rbe1 Bc8 31. f4 Ba6 32. Qa2 Ra8 33. e4 Qe6 34. f5
Qxc4 35. Qb2 Bb5 36. fxg6 Ra2 37. Qc1 d2 38. gxh7+ Kxh7 39. Qd1 Qxc3 40. Qh5+
Kg7 41. e5 Rxe5 42. Qg4+ Kf7 43. Rxf6+ Kxf6 44. Qh4+ Ke6 45. Qg4+ Kd6 46. Qg6+
Kc7 47. Qg7+ Re7 48. Rxe7+ Bxe7 49. Qxe7+ Kb8 50. Qe8+ Ka7 51. Qf7+ Ka6 52.
Qxa2+ Qa5 53. Qg8 1/2-1/2

[Event "Festival Mulhouse MI"]
[Site "Mulhouse"]
[Date "2012.07.02"]
[Round "?"]
[White "Lutz, B."]
[Black "Ider, B."]
[Result "1/2-1/2"]
[WhiteElo "2310"]
[BlackElo "2371"]
[PlyCount "152"]
[EventDate "2012.07.02"]

1. d4 e6 2. c4 Bb4+ 3. Bd2 a5 4. Nc3 Nf6 5. Nf3 d6 6. g3 O-O 7. Bg2 Nc6 8. a3
Bxc3 9. Bxc3 Qe7 10. d5 Nb8 11. dxe6 fxe6 12. Nd4 Qf7 13. Nc2 a4 14. O-O Nbd7
15. Ne3 Nc5 16. Qc2 Bd7 17. Bb4 Nb3 18. Rad1 Bc6 19. Qd3 Bxg2 20. Kxg2 Qh5 21.
f3 Nd7 22. Ng4 Qg5 23. Bc3 Nbc5 24. Qd4 e5 25. Qd5+ Kh8 26. Qd2 Qg6 27. Ne3 Nf6
28. Nd5 Nb3 29. Qd3 e4 30. fxe4 Nc5 31. Qf3 Nfd7 32. Nf4 Qxe4 33. Rd4 Qxf3+ 34.
exf3 Rae8 35. Nd5 Re2+ 36. Rf2 Rxf2+ 37. Kxf2 Ne6 38. Rg4 Rf7 39. Re4 Ndc5 40.
Re3 h6 41. Kg2 Kg8 42. f4 Kf8 43. Kh3 c6 44. Nb6 Ke7 45. Nd5+ Kd7 46. Nb4 g6
47. Kg4 Rf5 48. Nc2 d5 49. Re2 h5+ 50. Kh4 Ne4 51. cxd5 cxd5 52. Ne3 Nxf4 53.
gxf4 Rxf4+ 54. Kh3 d4 55. Nd5 Ng5+ 56. Kg2 Rg4+ 57. Kf2 dxc3 58. Nf6+ Kc6 59.
Nxg4 cxb2 60. Ne5+ Kd5 61. Rxb2 Kxe5 62. Rb5+ Kf4 63. Rxb7 Ne4+ 64. Kg2 Ke3 65.
Rb4 Nc3 66. h4 Kd3 67. Kf3 Kc2 68. Rb6 Nb1 69. Rxg6 Nxa3 70. Ra6 Kb3 71. Kf4
Nc4 72. Kg5 Nd2 73. Rb6+ Ka2 74. Kxh5 Nf3 75. Kg4 Nxh4 76. Kxh4 a3 1/2-1/2

[Event "Festival Mulhouse MI"]
[Site "Mulhouse"]
[Date "2012.07.03"]
[Round "2.1"]
[White "Bellahcene, Bilel"]
[Black "Ider, Borya"]
[Result "1-0"]
[WhiteElo "2347"]
[BlackElo "2371"]
[PlyCount "99"]
[EventDate "2012.07.02"]

1. Nf3 e6 2. c4 Nf6 3. g3 a6 4. Bg2 b5 5. b3 Bb7 6. O-O Be7 7. Nc3 b4 8. Na4 d6
9. d4 Nbd7 10. Ne1 Bxg2 11. Nxg2 c5 12. d5 exd5 13. cxd5 Nb6 14. Nxb6 Qxb6 15.
Ne3 O-O 16. Qd3 Nd7 17. Bb2 Bf6 18. Bxf6 Nxf6 19. Nc4 Qc7 20. e4 Rfe8 21. Rae1
Nd7 22. f4 Nb6 23. e5 Nxc4 24. bxc4 Rad8 25. e6 f6 26. g4 g6 27. Re2 Kf8 28.
Rfe1 Qe7 29. h4 Kg7 30. f5 Rg8 31. fxg6 hxg6 32. Rf1 Rdf8 33. Rg2 Kh8 34. Qe3
Kh7 35. Rff2 a5 36. h5 a4 37. Qd3 Kh6 38. Qe3+ Kg7 39. Qd3 Kh6 40. Rh2 g5 41.
Rf5 Kg7 42. Rhf2 Kh8 43. Kg2 Kg7 44. Kg3 Kh8 45. Qd1 a3 46. Qa1 Kg7 47. Rxg5+
Kh7 48. Rgf5 Rg5 49. Rxf6 Qg7 50. Qb1+ 1-0

[Event "Festival Mulhouse MI"]
[Site "Mulhouse"]
[Date "2012.07.03"]
[Round "2.2"]
[White "Botta, Gabriele"]
[Black "Lutz, Bernhard"]
[Result "0-1"]
[WhiteElo "2365"]
[BlackElo "2289"]
[PlyCount "51"]
[EventDate "2012.07.02"]

1. e4 c5 2. c3 e6 3. Nf3 d5 4. exd5 exd5 5. d4 Nf6 6. Be2 Be7 7. O-O O-O 8.
Nbd2 Nc6 9. dxc5 Bxc5 10. Nb3 Bb6 11. Bg5 Re8 12. Nbd4 Bg4 13. h3 Bh5 14. a4
Qd6 15. Nf5 Qe6 16. Ng3 Bxf3 17. Bxf3 Ne4 18. Bf4 Rad8 19. Qc2 Qf6 20. Bxe4
dxe4 21. Be3 Bxe3 22. fxe3 Qg6 23. Ne2 Ne5 24. Nf4 Qg3 25. Rae1 Nf3+ 26. Rxf3
0-1

[Event "Festival Mulhouse MI"]
[Site "Mulhouse"]
[Date "2012.07.03"]
[Round "2.5"]
[White "Lerch, Patrice"]
[Black "Paci, Cedric"]
[Result "1-0"]
[WhiteElo "2385"]
[BlackElo "2379"]
[PlyCount "35"]
[EventDate "2012.07.02"]

1. c4 b6 2. e4 Bb7 3. Nc3 e6 4. Nge2 Nf6 5. e5 Ng4 6. d4 Qh4 7. Ng3 c5 8. h3
Nh6 9. d5 f6 10. Nge4 f5 11. Bg5 Qxe4+ 12. Nxe4 fxe4 13. g4 Nf7 14. Bf4 Be7 15.
Bg2 O-O 16. Bxe4 Ng5 17. Bxg5 Bxg5 18. Qd3 1-0

[Event "Festival Mulhouse MI"]
[Site "Mulhouse"]
[Date "2012.07.03"]
[Round "3.1"]
[White "Paci, Cedric"]
[Black "Bellahcene, Bilel"]
[Result "1/2-1/2"]
[WhiteElo "2379"]
[BlackElo "2347"]
[PlyCount "50"]
[EventDate "2012.07.02"]

1. Nf3 Nf6 2. c4 e6 3. g3 b6 4. Bg2 Bb7 5. O-O Be7 6. d4 O-O 7. d5 exd5 8. Nh4
c6 9. cxd5 Nxd5 10. Nf5 Nc7 11. e4 d5 12. Re1 Ne6 13. exd5 cxd5 14. Nc3 Na6 15.
Nxd5 Bxd5 16. Bxd5 Bb4 17. Rxe6 fxe6 18. Qg4 Qf6 19. Bxa8 Rxa8 20. Nd4 Bc5 21.
Be3 Nc7 22. Re1 Re8 23. b3 Nd5 24. Nc2 Nxe3 25. Nxe3 Re7 1/2-1/2

[Event "Festival Mulhouse MI"]
[Site "Mulhouse"]
[Date "2012.07.03"]
[Round "3.2"]
[White "Barsov, Alexei"]
[Black "Lerch, Patrice"]
[Result "1-0"]
[WhiteElo "2538"]
[BlackElo "2385"]
[PlyCount "61"]
[EventDate "2012.07.02"]

1. d4 Nf6 2. Nf3 b6 3. g3 Bb7 4. c4 Bxf3 5. exf3 e6 6. Bg2 Bb4+ 7. Nc3 O-O 8.
O-O Bxc3 9. bxc3 c6 10. Ba3 d6 11. f4 Re8 12. g4 Kh8 13. Re1 a6 14. g5 Ng8 15.
f5 Ra7 16. fxe6 fxe6 17. Qg4 Rae7 18. Rad1 Qc7 19. Qg3 e5 20. dxe5 c5 21. f4
dxe5 22. fxe5 Rxe5 23. Rxe5 Rxe5 24. Bc1 Qe7 25. Bf4 Rf5 26. Bxb8 Rxg5 27. Qf3
h6 28. Bg3 Rg6 29. Re1 Qg5 30. Qd5 h5 31. Re8 1-0

[Event "Festival Mulhouse MI"]
[Site "Mulhouse"]
[Date "2012.07.03"]
[Round "3.5"]
[White "Ider, Borya"]
[Black "Botta, Gabriele"]
[Result "1-0"]
[WhiteElo "2371"]
[BlackElo "2365"]
[PlyCount "73"]
[EventDate "2012.07.02"]

1. d4 d5 2. Nf3 Nf6 3. c4 c6 4. e3 Bg4 5. Qb3 Qb6 6. Nc3 Bxf3 7. gxf3 e6 8. Qc2
Nbd7 9. f4 Be7 10. cxd5 exd5 11. Bg2 Rd8 12. O-O O-O 13. Bd2 Rfe8 14. Na4 Qc7
15. b4 b5 16. Nc5 Bxc5 17. bxc5 a5 18. Kh1 Nf8 19. Qd3 Ng6 20. f3 a4 21. Be1
Qd7 22. f5 Ne7 23. Bh3 Kh8 24. Bh4 Nfg8 25. Rg1 f6 26. Bg3 Nh6 27. Bd6 Nf7 28.
Bf4 Rg8 29. Rad1 Qa7 30. e4 dxe4 31. fxe4 Qa5 32. a3 Ne5 33. Qg3 Nc4 34. Bc7
Qa8 35. Bxd8 Qxd8 36. Bf1 Ne5 37. Bxb5 1-0

[Event "Festival Mulhouse MI"]
[Site "Mulhouse"]
[Date "2012.07.04"]
[Round "4.2"]
[White "Riff, Vincent"]
[Black "Ider, Borya"]
[Result "1/2-1/2"]
[WhiteElo "2322"]
[BlackElo "2371"]
[PlyCount "102"]
[EventDate "2012.07.02"]

1. d4 e6 2. c4 Nf6 3. g3 d5 4. Nf3 c6 5. Nbd2 dxc4 6. Nxc4 b5 7. Ncd2 Bb7 8.
Bg2 c5 9. O-O cxd4 10. Nb3 d3 11. Nbd4 a6 12. Qxd3 Be7 13. Bf4 Nc6 14. Rac1
Nxd4 15. Qxd4 Qxd4 16. Nxd4 Bxg2 17. Kxg2 Nd5 18. Nc6 Bf6 19. Be5 Bxe5 20. Nxe5
f6 21. Nd3 O-O 22. Rc6 Kf7 23. Rfc1 Ne7 24. Rb6 Rfb8 25. Rxb8 Rxb8 26. Rc7 a5
27. Ra7 a4 28. Nb4 Rc8 29. Rb7 Rc5 30. Kf3 e5 31. e4 Ke6 32. Nd3 Rc2 33. Rb6+
Kd7 34. Rxb5 Nc6 35. Kg2 Nd4 36. Rb4 a3 37. bxa3 Rxa2 38. Ra4 Nc2 39. Ra7+ Kd6
40. Ra6+ Kc7 41. Nc5 Nd4 42. Kf1 Nf3 43. h4 Rc2 44. Ne6+ Kb7 45. Rd6 g5 46.
hxg5 fxg5 47. g4 Nd2+ 48. Kg1 Nxe4 49. Rd7+ Kb8 50. Rxh7 Rxf2 51. Nxg5 Rf4
1/2-1/2

[Event "Festival Mulhouse MI"]
[Site "Mulhouse"]
[Date "2012.07.04"]
[Round "4.3"]
[White "Genov, Petar"]
[Black "Lutz, Bernhard"]
[Result "1/2-1/2"]
[WhiteElo "2463"]
[BlackElo "2289"]
[PlyCount "55"]
[EventDate "2012.07.02"]

1. e4 c5 2. Nf3 e6 3. c4 a6 4. Nc3 d6 5. d4 cxd4 6. Nxd4 Nf6 7. Be2 Be7 8. O-O
Qc7 9. Be3 Nbd7 10. Qd2 O-O 11. f3 b6 12. a4 Bb7 13. a5 Rfd8 14. axb6 Nxb6 15.
Rfc1 Nfd7 16. Nb3 Rac8 17. Na5 Ba8 18. Qe1 Qb8 19. Qf2 Bf6 20. Rab1 d5 21. c5
d4 22. Bxd4 Bxd4 23. Qxd4 Rxc5 24. b4 Rh5 25. g3 Rg5 26. Qe3 Rg6 27. f4 e5 28.
f5 1/2-1/2

[Event "Festival Mulhouse MI"]
[Site "Mulhouse"]
[Date "2012.07.04"]
[Round "4.4"]
[White "Lerch, Patrice"]
[Black "Wyss, Jonas"]
[Result "1-0"]
[WhiteElo "2385"]
[BlackElo "2249"]
[PlyCount "67"]
[EventDate "2012.07.02"]

1. e4 e6 2. Nf3 d5 3. e5 c5 4. b4 c4 5. c3 a5 6. b5 Nd7 7. d3 cxd3 8. Bxd3 f6
9. Qe2 Nxe5 10. Nxe5 fxe5 11. Qh5+ Kd7 12. Qxe5 Qf6 13. Qe3 Bd6 14. O-O Nh6 15.
Qh3 Nf7 16. b6 Kd8 17. Be2 e5 18. Bg4 e4 19. Rd1 Qe5 20. g3 g5 21. Be3 Bxg4 22.
Qxg4 h5 23. Qe2 Qf5 24. Qb5 h4 25. Rxd5 Qh3 26. Rxd6+ Nxd6 27. Bxg5+ Kc8 28.
Qc5+ Kd7 29. Qc7+ Ke6 30. Qe7+ Kd5 31. c4+ Nxc4 32. Nc3+ Kd4 33. Bf6+ Kd3 34.
Qxe4+ 1-0

[Event "Festival Mulhouse MI"]
[Site "Mulhouse"]
[Date "2012.07.04"]
[Round "4.5"]
[White "Paci, Cedric"]
[Black "Barsov, Alexei"]
[Result "0-1"]
[WhiteElo "2379"]
[BlackElo "2538"]
[PlyCount "84"]
[EventDate "2012.07.02"]

1. e4 e6 2. d3 d5 3. Nd2 Nf6 4. Ngf3 Nc6 5. c3 a5 6. Be2 Bd6 7. O-O O-O 8. Re1
Re8 9. Bf1 e5 10. b3 dxe4 11. dxe4 Bc5 12. h3 Nh5 13. Nc4 Qxd1 14. Rxd1 Nf6 15.
Re1 h6 16. Be3 Nxe4 17. Bxc5 Nxc5 18. Ncxe5 Nxe5 19. Nxe5 Be6 20. Bc4 Rad8 21.
Bxe6 Rxe6 22. Nc4 b6 23. Rxe6 Nxe6 24. Kf1 Nf4 25. Rc1 g5 26. a4 Kg7 27. b4 Kf6
28. bxa5 bxa5 29. Rb1 Rd5 30. Ne3 Rd2 31. Rd1 Rxd1+ 32. Nxd1 Ke6 33. g3 Nd3 34.
Ke2 Nc5 35. Nb2 Ne4 36. Nd1 Kd5 37. Ke3 f5 38. g4 f4+ 39. Kf3 c6 40. h4 Nc5 41.
hxg5 hxg5 42. Nb2 Ne4 0-1

[Event "Festival Mulhouse MI"]
[Site "Mulhouse"]
[Date "2012.07.05"]
[Round "5.1"]
[White "Barsov, Alexei"]
[Black "Bellahcene, Bilel"]
[Result "1/2-1/2"]
[WhiteElo "2538"]
[BlackElo "2347"]
[PlyCount "26"]
[EventDate "2012.07.02"]

1. d4 Nf6 2. Nf3 e6 3. g3 d5 4. Bg2 Be7 5. O-O O-O 6. c4 dxc4 7. Qc2 a6 8. Qxc4
b5 9. Qc2 Bb7 10. Bd2 Be4 11. Qc1 Bb7 12. Qc2 Be4 13. Qc1 Bb7 1/2-1/2

[Event "Festival Mulhouse MI"]
[Site "Mulhouse"]
[Date "2012.07.05"]
[Round "5.2"]
[White "Wyss, Jonas"]
[Black "Paci, Cedric"]
[Result "0-1"]
[WhiteElo "2249"]
[BlackElo "2379"]
[PlyCount "80"]
[EventDate "2012.07.02"]

1. c4 e6 2. g3 f5 3. d4 Nf6 4. Nf3 Be7 5. Bg2 O-O 6. O-O d6 7. Nc3 Ne4 8. Qc2
Nxc3 9. bxc3 Nc6 10. d5 Na5 11. dxe6 Bxe6 12. Nd4 Bxc4 13. Nxf5 Bf6 14. Ne3 Bf7
15. Nd5 c6 16. Nxf6+ Qxf6 17. Be3 c5 18. Rad1 Rad8 19. Bf4 b6 20. Bd5 Nc4 21.
Qb3 Ne5 22. Bxf7+ Rxf7 23. Qd5 Re8 24. Bxe5 Rxe5 25. Qa8+ Rf8 26. Qxa7 Rxe2 27.
Qxb6 Rxf2 28. Qb3+ Kh8 29. Rxf2 Qxf2+ 30. Kh1 c4 31. Qb7 Qc2 32. Qd5 h6 33. Rd2
Qxc3 34. Kg2 Qe3 35. Qxd6 Qf3+ 36. Kh3 Rf5 37. Qb8+ Kh7 38. Qb1 c3 39. Rd8 Qh5+
40. Kg2 Qe2+ 0-1

[Event "Festival Mulhouse MI"]
[Site "Mulhouse"]
[Date "2012.07.05"]
[Round "5.4"]
[White "Ider, Borya"]
[Black "Genov, Petar"]
[Result "1-0"]
[WhiteElo "2371"]
[BlackElo "2463"]
[PlyCount "57"]
[EventDate "2012.07.02"]

1. d4 Nf6 2. Nf3 e6 3. g3 d5 4. Bg2 Be7 5. O-O O-O 6. c4 c6 7. Qc2 b6 8. Nbd2
Bb7 9. e4 Na6 10. e5 Nd7 11. a3 Nc7 12. Re1 a5 13. cxd5 exd5 14. Nf1 Ne6 15.
Ne3 g6 16. Ng4 c5 17. Bh3 Re8 18. Qd2 Ndf8 19. Qd1 Bc8 20. Bh6 cxd4 21. Nxd4
Nxd4 22. Qxd4 Ne6 23. Nf6+ Bxf6 24. Bxe6 Bxe6 25. exf6 Rc8 26. Qh4 Rc4 27. Bf4
a4 28. Qh6 Qxf6 29. Be5 1-0

[Event "Festival Mulhouse MI"]
[Site "Mulhouse"]
[Date "2012.07.05"]
[Round "5.5"]
[White "Botta, Gabriele"]
[Black "Riff, Vincent"]
[Result "0-1"]
[WhiteElo "2365"]
[BlackElo "2322"]
[PlyCount "112"]
[EventDate "2012.07.02"]

1. e4 e5 2. Nf3 Nc6 3. Bb5 a6 4. Ba4 Nf6 5. O-O b5 6. Bb3 Bc5 7. Re1 d6 8. h3
O-O 9. c3 h6 10. a4 Rb8 11. d4 Bb6 12. axb5 axb5 13. Na3 Ra8 14. Be3 exd4 15.
Nxd4 Nxd4 16. Bxd4 c5 17. Bxf6 Qxf6 18. Bd5 Ra5 19. Qd2 Qg6 20. Kh2 Bd8 21. b4
Ra6 22. Nxb5 cxb4 23. cxb4 Bg5 24. Qe2 Qf6 25. Na3 Qc3 26. Nc2 Bd2 27. Rxa6
Bxa6 28. Qxa6 Bxe1 29. Nxe1 Qxe1 30. Qxd6 Qxf2 31. b5 Rc8 32. Bc6 Qb6 33. Qe7
Qb8+ 34. Kg1 Rc7 35. Qe8+ Qxe8 36. Bxe8 Rc2 37. Bc6 Kf8 38. Kh2 Rc3 39. Bd5 Ke7
40. b6 Kd6 41. Bxf7 Kc6 42. Bh5 Kxb6 43. Bf3 Kc5 44. Kg3 Kd4 45. Kf4 Rc6 46. h4
Rf6+ 47. Kg3 g6 48. Kg4 Ke5 49. Kg3 Rb6 50. Kg4 Rb2 51. Kg3 Ra2 52. Kg4 Rd2 53.
Kg3 h5 54. Kh3 Kf4 55. Kh2 Rb2 56. Kh3 Rb1 0-1

[Event "Festival Mulhouse MI"]
[Site "Mulhouse"]
[Date "2012.07.06"]
[Round "6.2"]
[White "Genov, Petar"]
[Black "Botta, Gabriele"]
[Result "1/2-1/2"]
[WhiteElo "2463"]
[BlackElo "2365"]
[PlyCount "58"]
[EventDate "2012.07.02"]

1. d4 d5 2. c4 c6 3. Nf3 Nf6 4. Nc3 e6 5. Bg5 dxc4 6. a4 Bb4 7. e4 Bxc3+ 8.
bxc3 Qa5 9. e5 Ne4 10. Bd2 Nxd2 11. Qxd2 c5 12. Bxc4 cxd4 13. cxd4 Nc6 14. Bb5
Bd7 15. Rb1 Rc8 16. Ke2 Qxd2+ 17. Kxd2 Ke7 18. Rhc1 Na5 19. Kd3 Rxc1 20. Rxc1
Bc6 21. Bxc6 Nxc6 22. Ke4 Rd8 23. Rc5 Rd7 24. g4 Nb4 25. Rc8 h6 26. h4 Rd8 27.
Rc7+ Rd7 28. Rc8 Rd8 29. Rc7+ Rd7 1/2-1/2

[Event "Festival Mulhouse MI"]
[Site "Mulhouse"]
[Date "2012.07.06"]
[Round "6.3"]
[White "Lerch, Patrice"]
[Black "Ider, Borya"]
[Result "0-1"]
[WhiteElo "2385"]
[BlackElo "2371"]
[PlyCount "44"]
[EventDate "2012.07.02"]

1. e4 e6 2. Nf3 d5 3. e5 c5 4. b4 cxb4 5. a3 d4 6. axb4 Bxb4 7. Ba3 Bxa3 8.
Nxa3 Ne7 9. Bd3 Ng6 10. Nb5 O-O 11. Ra4 Nc6 12. Nbxd4 Bd7 13. Bxg6 hxg6 14. Qa1
Qb8 15. Nxc6 Bxc6 16. Ra3 Rd8 17. Ng5 Rxd2 18. O-O Qd8 19. Rg3 Rxc2 20. Qa3 Rd2
21. Rg4 Rd1 22. f3 Qb6+ 0-1

[Event "Festival Mulhouse MI"]
[Site "Mulhouse"]
[Date "2012.07.06"]
[Round "6.5"]
[White "Barsov, Alexei"]
[Black "Wyss, Jonas"]
[Result "1-0"]
[WhiteElo "2538"]
[BlackElo "2249"]
[PlyCount "75"]
[EventDate "2012.07.02"]

1. d4 d5 2. c4 e6 3. Nc3 c5 4. e3 Nf6 5. Nf3 Nc6 6. a3 Be7 7. dxc5 Bxc5 8. cxd5
exd5 9. Be2 O-O 10. O-O a6 11. b4 Ba7 12. b5 d4 13. bxc6 dxc3 14. Qb3 Qc7 15.
Qxc3 Nd5 16. Qc4 Qxc6 17. Qxc6 bxc6 18. Ne5 Bb7 19. Bd2 Rfe8 20. Rab1 Re7 21.
Rfc1 c5 22. Bf3 Nb6 23. Bxb7 Rxb7 24. Rxc5 Nd7 25. Rxb7 Nxc5 26. Rb1 Ne4 27.
Be1 Rc8 28. Kf1 f6 29. Nd3 Rc7 30. Nb4 Nc5 31. Rc1 Kf7 32. f3 Ke6 33. g4 Rb7
34. Nc6 Bb6 35. Rxc5 Bxc5 36. Nd8+ Kd7 37. Nxb7 Bxa3 38. Na5 1-0

[Event "Festival Mulhouse MI"]
[Site "Mulhouse"]
[Date "2012.07.06"]
[Round "7.1"]
[White "Wyss, Jonas"]
[Black "Bellahcene, Bilel"]
[Result "0-1"]
[WhiteElo "2249"]
[BlackElo "2347"]
[PlyCount "52"]
[EventDate "2012.07.02"]

1. e4 c5 2. Nf3 Nc6 3. d4 cxd4 4. Nxd4 g6 5. Nc3 Bg7 6. Be3 Nf6 7. Bc4 O-O 8.
Bb3 d6 9. f3 Bd7 10. Qd2 Na5 11. O-O-O Rb8 12. h4 b5 13. Bh6 Bxh6 14. Qxh6 e5
15. Nde2 Nxb3+ 16. cxb3 b4 17. Nd5 Nxd5 18. Rxd5 Be6 19. Rd2 Rb6 20. Kb1 Ra6
21. Nc1 d5 22. exd5 Bf5+ 23. Ka1 Qa5 24. a4 Qxa4+ 25. bxa4 Rxa4+ 26. Na2 b3 0-1

[Event "Festival Mulhouse MI"]
[Site "Mulhouse"]
[Date "2012.07.06"]
[Round "7.2"]
[White "Lutz, Bernhard"]
[Black "Barsov, Alexei"]
[Result "1/2-1/2"]
[WhiteElo "2289"]
[BlackElo "2538"]
[PlyCount "22"]
[EventDate "2012.07.02"]

1. d4 d5 2. c4 e6 3. Nf3 Nf6 4. g3 dxc4 5. Qa4+ Nbd7 6. Bg2 a6 7. Qxc4 b5 8.
Qc6 Rb8 9. Bf4 Nd5 10. Bg5 Be7 11. Bxe7 Qxe7 1/2-1/2

[Event "Festival Mulhouse MI"]
[Site "Mulhouse"]
[Date "2012.07.06"]
[Round "7.3"]
[White "Ider, Borya"]
[Black "Paci, Cedric"]
[Result "1/2-1/2"]
[WhiteElo "2371"]
[BlackElo "2379"]
[PlyCount "50"]
[EventDate "2012.07.02"]

1. d4 d5 2. Nf3 Nf6 3. e3 c6 4. c4 a6 5. Bd3 Bg4 6. Nbd2 e6 7. O-O c5 8. cxd5
exd5 9. Qc2 c4 10. Bf5 Bxf5 11. Qxf5 Qd7 12. Qc2 Nc6 13. Ne5 Qc7 14. Nxc6 Qxc6
15. e4 dxe4 16. Qxc4 Qxc4 17. Nxc4 Rd8 18. Rd1 Be7 19. Bg5 O-O 20. Ne3 Nd5 21.
Bxe7 Nxe7 22. Rac1 Rd7 23. Kf1 Rfd8 24. d5 Kf8 25. Rc4 Nxd5 1/2-1/2

[Event "Festival Mulhouse MI"]
[Site "Mulhouse"]
[Date "2012.07.06"]
[Round "7.4"]
[White "Botta, Gabriele"]
[Black "Lerch, Patrice"]
[Result "1-0"]
[WhiteElo "2365"]
[BlackElo "2385"]
[PlyCount "103"]
[EventDate "2012.07.02"]

1. e4 c5 2. Nf3 Nc6 3. c3 Nf6 4. e5 Nd5 5. d4 cxd4 6. cxd4 d6 7. Bc4 e6 8. O-O
Be7 9. Qe2 O-O 10. Rd1 Bd7 11. Bd2 Rc8 12. Nc3 Nxc3 13. Bxc3 d5 14. Bd3 Nb4 15.
Bb1 Ba4 16. Re1 Rc7 17. h4 Bd7 18. Ng5 g6 19. Qg4 Kg7 20. Re3 h5 21. Qg3 Bxg5
22. hxg5 a5 23. Qf4 Rh8 24. a3 Nc6 25. Bd3 b6 26. g3 Ne7 27. Qf6+ Kg8 28. f3
Rc8 29. g4 Nc6 30. Qf4 b5 31. Bxb5 Nxe5 32. Ba6 Ra8 33. Be2 Nc6 34. Kg2 Qb8 35.
Qxb8+ Rxb8 36. gxh5 Rxh5 37. f4 Rh8 38. b4 Ne7 39. Bd3 a4 40. b5 Kg7 41. Rb1
Rh4 42. Be1 Rh7 43. Bb4 Nf5 44. Bxf5 gxf5 45. b6 Rbh8 46. Rg3 Rh2+ 47. Kf3 Bb5
48. Bd6 Rc8 49. Bc7 Ba6 50. Rb4 Rc2 51. Rxa4 Rh8 52. Be5+ 1-0

[Event "Festival Mulhouse MI"]
[Site "Mulhouse"]
[Date "2012.07.06"]
[Round "7.5"]
[White "Riff, Vincent"]
[Black "Genov, Petar"]
[Result "1/2-1/2"]
[WhiteElo "2322"]
[BlackElo "2463"]
[PlyCount "27"]
[EventDate "2012.07.02"]

1. d4 Nf6 2. Nf3 d5 3. Bf4 Bf5 4. e3 e6 5. Bd3 Bg6 6. O-O Bd6 7. Bxd6 Qxd6 8.
Nbd2 Nbd7 9. Qe2 O-O 10. Bxg6 hxg6 11. e4 dxe4 12. Nxe4 Nxe4 13. Qxe4 Qd5 14.
Qxd5 1/2-1/2

[Event "Festival Mulhouse MI"]
[Site "Mulhouse"]
[Date "2012.07.07"]
[Round "8.1"]
[White "Bellahcene, Bilel"]
[Black "Genov, Petar"]
[Result "1/2-1/2"]
[WhiteElo "2347"]
[BlackElo "2463"]
[PlyCount "72"]
[EventDate "2012.07.02"]

1. d4 d5 2. Nf3 Nf6 3. c4 c6 4. cxd5 cxd5 5. Nc3 Nc6 6. Bf4 a6 7. e3 Bg4 8. Bd3
e6 9. h3 Bh5 10. O-O Be7 11. Be2 O-O 12. Ne5 Bxe2 13. Qxe2 Rc8 14. Nd3 Nd7 15.
Rfc1 Nb4 16. Bg3 Nxd3 17. Qxd3 Nb6 18. Rc2 Qd7 19. Rac1 Rc6 20. Ne2 Rfc8 21.
Rxc6 Rxc6 22. Rxc6 Qxc6 23. b3 h6 24. f3 Bb4 25. Kf1 Nc8 26. Be1 Bd6 27. Qc3
Ne7 28. Bf2 Qb5 29. g4 Nc6 30. a4 Qb6 31. Be1 g6 32. Qd3 Kg7 33. Nc1 Ba3 34.
Ne2 Bd6 35. Nc1 Ba3 36. Ne2 Qd8 {suite illisible, nulle au 92ème coup} 1/2-1/2

[Event "Festival Mulhouse MI"]
[Site "Mulhouse"]
[Date "2012.07.07"]
[Round "8.2"]
[White "Lerch, Patrice"]
[Black "Riff, Vincent"]
[Result "1/2-1/2"]
[WhiteElo "2385"]
[BlackElo "2322"]
[PlyCount "73"]
[EventDate "2012.07.02"]

1. Nc3 d5 2. Nf3 Nf6 3. g3 c5 4. Bg2 d4 5. Nb5 a6 6. Na3 g6 7. Nc4 Bg7 8. a4
Be6 9. d3 Nc6 10. O-O O-O 11. Bd2 Bxc4 12. dxc4 Ne4 13. Ne1 Nxd2 14. Qxd2 Ne5
15. b3 Rb8 16. Rd1 Qc7 17. h3 Rfd8 18. f4 Bh6 19. g4 Nc6 20. Nd3 Nb4 21. Nxb4
cxb4 22. g5 Bg7 23. Qxb4 e6 24. Qd2 b5 25. cxb5 axb5 26. axb5 Rxb5 27. Be4 Rc5
28. Kg2 h5 29. Rb1 Rc3 30. Rf3 Rxf3 31. Kxf3 e5 32. h4 exf4 33. Kg2 Qe5 34. Bf3
f6 35. gxf6 Bxf6 36. Qd3 Kh7 37. Qe4 1/2-1/2

[Event "Festival Mulhouse MI"]
[Site "Mulhouse"]
[Date "2012.07.07"]
[Round "8.4"]
[White "Barsov, Alexei"]
[Black "Ider, Borya"]
[Result "1/2-1/2"]
[WhiteElo "2538"]
[BlackElo "2371"]
[PlyCount "40"]
[EventDate "2012.07.02"]

1. d4 e6 2. c4 Nf6 3. Nc3 d5 4. cxd5 exd5 5. Bg5 c6 6. e3 Bf5 7. Qf3 Bg6 8.
Bxf6 Qxf6 9. Qxf6 gxf6 10. h4 Nd7 11. h5 Bf5 12. Nf3 Nb6 13. Nh4 Be6 14. Bd3 a5
15. Ne2 Bb4+ 16. Kd1 Nc4 17. Kc2 Be7 18. Nf5 Bxf5 19. Bxf5 Nd6 20. g4 Nxf5
1/2-1/2

[Event "Festival Mulhouse MI"]
[Site "Mulhouse"]
[Date "2012.07.08"]
[Round "9.2"]
[White "Ider, Borya"]
[Black "Wyss, Jonas"]
[Result "1-0"]
[WhiteElo "2371"]
[BlackElo "2249"]
[PlyCount "43"]
[EventDate "2012.07.02"]

1. d4 Nf6 2. Nf3 g6 3. g3 Bg7 4. Bg2 O-O 5. O-O d6 6. a4 Nc6 7. a5 a6 8. d5 Ne5
9. Nxe5 dxe5 10. c4 Rb8 11. Be3 Re8 12. Bc5 b5 13. d6 Bb7 14. Bxb7 Rxb7 15.
dxe7 Qxd1 16. Rxd1 Ne4 17. Rd8 Rb8 18. Rxb8 Rxb8 19. Ba7 Re8 20. cxb5 axb5 21.
a6 Nd6 22. Bc5 1-0

[Event "Festival Mulhouse MI"]
[Site "Mulhouse"]
[Date "2012.07.08"]
[Round "9.4"]
[White "Riff, Vincent"]
[Black "Paci, Cedric"]
[Result "1-0"]
[WhiteElo "2322"]
[BlackElo "2379"]
[PlyCount "63"]
[EventDate "2012.07.02"]

1. d4 d6 2. Nf3 g6 3. e4 Bg7 4. Nc3 Nf6 5. Be2 O-O 6. O-O Nc6 7. d5 Nb8 8. h3
e5 9. dxe6 Bxe6 10. Nd4 Bd7 11. f4 Nc6 12. Nb3 Re8 13. Bf3 a6 14. Re1 Rb8 15.
Be3 b5 16. a3 b4 17. axb4 Nxb4 18. Ba7 Rc8 19. Bf2 Bc6 20. Bh4 Qd7 21. Qd2 Rb8
22. Rad1 Qc8 23. Nd4 Ba8 24. e5 dxe5 25. fxe5 Nd7 26. Bxa8 Rxa8 27. e6 Ne5 28.
Qf4 f6 29. Bxf6 Rf8 30. Ne4 Nd5 31. Qxe5 Nxf6 32. e7 1-0

[Event "Festival Mulhouse MI"]
[Site "Mulhouse"]
[Date "2012.07.08"]
[Round "9.5"]
[White "Genov, Petar"]
[Black "Lerch, Patrice"]
[Result "1-0"]
[WhiteElo "2463"]
[BlackElo "2385"]
[PlyCount "91"]
[EventDate "2012.07.02"]

1. d4 Nf6 2. g3 e6 3. Bg2 d5 4. Nf3 Be7 5. O-O O-O 6. c4 dxc4 7. Ne5 Nc6 8.
Nxc6 bxc6 9. Nc3 Nd5 10. Qa4 Nb6 11. Qxc6 Rb8 12. Bf4 Bd6 13. Qf3 Bb7 14. e4
Bxf4 15. Qxf4 Qxd4 16. Qxc7 Rfc8 17. Qe7 Qd7 18. Qa3 Bc6 19. Rad1 Qb7 20. Rd4
Be8 21. e5 Qc7 22. f4 Nd7 23. Rf2 a5 24. Qe7 Nb6 25. Qxc7 Rxc7 26. Rfd2 Rcc8
27. Ne4 Kf8 28. Bf1 Bb5 29. Nd6 Rc5 30. Nxb5 Rxb5 31. b3 a4 32. bxc4 Rb1 33.
Rd8+ Rxd8 34. Rxd8+ Ke7 35. Rb8 Rb2 36. Rb7+ Kd8 37. Rxf7 Nd7 38. Rxg7 Nc5 39.
a3 h5 40. Ra7 Ra2 41. Ra5 Nb3 42. Rxa4 Nd4 43. Bg2 h4 44. c5 Ne2+ 45. Kf1 hxg3
46. Re4 1-0